[Event "ICS rated blitz match"]
[Site "204.178.125.65"]
[Date "1999.12.13"]
[Round "?"]
[White "Hossa"]
[Black "star"]
[Result "0-1"]
[WhiteElo "2574"]
[BlackElo "2396"]
[PlyCount "134"]

1. e4 d5 2. exd5 Qxd5 3. Nc3 Qa5 4. d4 Nf6 5. Nf3 Bf5 6. Bc4 c6 7. O-O e6 8.
Bd2 Nbd7 9. Nd5 Qd8 10. Ne3 Be4 11. Ng5 Bg6 12. Re1 h6 13. Nf3 Be7 14. Nh4 Bh7
15. c3 b5 16. Be2 O-O 17. Nf3 Qc7 18. c4 a6 19. Qb3 Rfb8 20. cxb5 axb5 21. Rac1
Bd6 22. g3 Qb7 23. Bc3 c5 24. dxc5 Nxc5 25. Qd1 Nfe4 26. a3 Nxc3 27. Rxc3 Rd8
28. Qc1 Rdc8 29. Qd1 Be7 30. Ne5 Rd8 31. Qc1 Rac8 32. Bh5 f6 33. Bf7+ Kh8 34.
b4 fxe5 35. bxc5 Qf3 36. Nc4 Qxf7 37. Nxe5 Qh5 38. c6 b4 39. Rf3 Bf6 40. g4 Qe8
41. Nd7 Rxd7 42. cxd7 Qxd7 43. Qd1 Qxd1 44. Rxd1 Bc2 45. Rf1 b3 46. Rf4 Bd3 47.
Rb4 b2 48. Rxb2 Bxb2 49. Re1 e5 50. Re3 e4 51. h4 Rc1+ 52. Kg2 Bf1+ 53. Kg3
Be5+ 54. f4 Bd4 55. Rf3 exf3 56. Kxf3 Rc3+ 57. Ke4 Bf2 58. a4 Rc4+ 59. Kf3 Bxh4
60. a5 Rc3+ 61. Ke4 Bg2+ 62. Kf5 Rc6 63. Ke5 Bf6+ 64. Kf5 Bc3 65. g5 Bf3 66.
gxh6 gxh6 67. a6 Rf6# 0-1

[Event "ICS rated blitz match"]
[Site "204.178.125.65"]
[Date "1999.12.13"]
[Round "?"]
[White "star"]
[Black "Hossa"]
[Result "1-0"]
[WhiteElo "2420"]
[BlackElo "2550"]
[PlyCount "113"]

1. c4 e5 2. Nc3 Nf6 3. Nf3 Nc6 4. d4 exd4 5. Nxd4 Bb4 6. g3 Bxc3+ 7. bxc3 Ne5
8. Bg2 Nxc4 9. e4 O-O 10. O-O d5 11. exd5 Nxd5 12. Qd3 Ndb6 13. a4 c5 14. a5
Ne5 15. Qb5 Nbd7 16. Nb3 a6 17. Qe2 Re8 18. Be3 c4 19. Nd2 Nf6 20. Rfb1 Bg4 21.
Qf1 Nd5 22. Bd4 Qd7 23. Bxe5 Rxe5 24. Nxc4 Ree8 25. Bxd5 Qxd5 26. Nb6 Qc6 27.
Nxa8 Rxa8 28. Qd3 Bh3 29. f3 Qc5+ 30. Qd4 Qf5 31. Rd1 Re8 32. Re1 Rf8 33. Qe3
Qc2 34. Re2 Qf5 35. c4 Qc8 36. c5 Qc6 37. Rb1 Qd7 38. Reb2 Re8 39. Qc3 Qe6 40.
Rxb7 Bf5 41. R1b2 Qd5 42. Re7 Qd1+ 43. Kg2 Rf8 44. Rd2 Qa4 45. c6 Bc8 46. c7
Kh8 47. Rxf7 Rg8 48. Rxg7 Qxa5 49. Rxg8+ Kxg8 50. Rd8+ Kf7 51. Qxa5 Be6 52.
Qh5+ Kg7 53. Qg5+ Kf7 54. Qg8+ Kf6 55. Rd6 h6 56. Rxe6+ Kf5 57. Qg6# 1-0

[Event "ICS rated blitz match"]
[Site "204.178.125.65"]
[Date "1999.12.13"]
[Round "?"]
[White "Hossa"]
[Black "star"]
[Result "0-1"]
[WhiteElo "2528"]
[BlackElo "2442"]
[PlyCount "152"]

1. e4 c5 2. Nf3 d6 3. d4 cxd4 4. Nxd4 Nf6 5. Nc3 g6 6. Be3 e5 7. Bb5+ Bd7 8.
Bxd7+ Nbxd7 9. Ndb5 Qb8 10. a4 a6 11. Na3 Qc7 12. O-O Rc8 13. Qd3 Nc5 14. Bxc5
Qxc5 15. Rfd1 Be7 16. Rd2 O-O 17. Rb1 Qb4 18. h3 h6 19. Rdd1 Rc5 20. Qe3 Kg7
21. Rd3 Rfc8 22. f3 b6 23. Qc1 R5c6 24. Kh1 R6c7 25. Qe3 Rc5 26. Kg1 R5c6 27.
Qd2 R6c7 28. Kh1 Kh7 29. Qe3 Rc6 30. Qc1 Kg7 31. Ra1 R6c7 32. Kg1 Re8 33. Rb1
d5 34. exd5 Bc5+ 35. Kh1 Bd4 36. Ne4 Nxe4 37. fxe4 Qxa4 38. Rf3 Bc5 39. Qe1
Bxa3 40. bxa3 b5 41. Rc1 Rxc2 42. Rxc2 Qxc2 43. Rc3 Qa4 44. Qe3 a5 45. Rc7 b4
46. axb4 Qxb4 47. Qa7 Rf8 48. Qe3 Qd4 49. Qf3 a4 50. Kh2 h5 51. Re7 Qc5 52. Rb7
a3 53. Qb3 h4 54. Qb1 Qf2 55. Rc7 Ra8 56. Rc4 a2 57. Qa1 Ra3 58. Rc3 Rxc3 59.
Qxc3 Qd4 60. Qc1 a1=Q 61. Qxa1 Qxa1 62. d6 Qd1 63. g4 Qxd6 64. Kg1 Qd1+ 65. Kf2
Qd2+ 66. Kg1 Qe3+ 67. Kf1 Qxh3+ 68. Ke2 Qxg4+ 69. Kd3 h3 70. Kc4 Qxe4+ 71. Kc5
Qc2+ 72. Kd6 Kf6 73. Kd5 h2 74. Kd6 h1=Q 75. Kd7 Qcc6+ 76. Kd8 Qhd5# 0-1

[Event "ICS rated blitz match"]
[Site "204.178.125.65"]
[Date "1999.12.13"]
[Round "?"]
[White "star"]
[Black "Hossa"]
[Result "0-1"]
[WhiteElo "2462"]
[BlackElo "2508"]
[PlyCount "84"]

1. f4 Nf6 2. e3 c5 3. Nf3 d5 4. b3 Bf5 5. Bb2 e6 6. Bb5+ Nc6 7. d3 Bd6 8. O-O
O-O 9. Bxc6 bxc6 10. Qe2 Bc7 11. Nc3 Bg4 12. Qf2 Rb8 13. a4 Bf5 14. h3 Bg6 15.
Rfd1 Nd7 16. Ne2 f6 17. g4 Qe7 18. Kg2 Rb4 19. Ba3 Rb6 20. Rh1 f5 21. Nc3 Qf6
22. d4 fxg4 23. hxg4 Rb7 24. Qe2 Ba5 25. Qa6 Bxc3 26. Qxb7 Rd8 27. g5 Qf7 28.
Qc7 Re8 29. Ra2 cxd4 30. Qxa7 Be4 31. Rf1 e5 32. Kg3 Bxf3 33. Rxf3 exf4+ 34.
exf4 Be1+ 35. Kg2 Qh5 36. Be7 Qg4+ 37. Kh2 Qxf3 38. c4 Bg3+ 39. Kg1 Rxe7 40.
Qa5 Re1+ 41. Qxe1 Bxe1 42. cxd5 cxd5 0-1

[Event "ICS rated blitz match"]
[Site "204.178.125.65"]
[Date "1999.12.13"]
[Round "?"]
[White "Hossa"]
[Black "star"]
[Result "1/2-1/2"]
[WhiteElo "2522"]
[BlackElo "2448"]
[PlyCount "107"]

1. e4 c6 2. d4 d5 3. Nc3 dxe4 4. Nxe4 Nd7 5. Bc4 Ngf6 6. Ng5 e6 7. Qe2 Nb6 8.
Bd3 h6 9. N5f3 c5 10. c3 Bd6 11. Bd2 Qc7 12. dxc5 Qxc5 13. Be3 Qc7 14. Nd4 Bd7
15. Nb5 Bxb5 16. Bxb5+ Kf8 17. Nf3 Nbd5 18. Rd1 a6 19. Bd3 Nxe3 20. Qxe3 Rd8
21. Qe2 g5 22. g3 Qa5 23. Bb1 Kg7 24. O-O Qc7 25. Rfe1 Qb6 26. Nd4 Rhe8 27. b3
Qc7 28. Qf3 Rc8 29. Rd3 g4 30. Qd1 Bc5 31. Nc2 b5 32. a4 bxa4 33. bxa4 Qa5 34.
Ne3 Bxe3 35. Rexe3 Rc4 36. Bc2 Rec8 37. Qe1 Qb6 38. Bd1 Qb1 39. Qf1 Nd5 40. Re1
Qa2 41. f3 Nxc3 42. fxg4 R8c7 43. Rd8 Nxd1 44. Rexd1 Qxa4 45. g5 hxg5 46. Qh3
Qb5 47. Qh8+ Kg6 48. Qg8+ Kf5 49. Qh7+ Ke5 50. Re1+ Kf6 51. Qh6+ Kf5 52. Qh7+
Kf6 53. Qh6+ Kf5 54. Qh7+ 1/2-1/2

[Event "ICS rated blitz match"]
[Site "204.178.125.65"]
[Date "1999.12.13"]
[Round "?"]
[White "star"]
[Black "Hossa"]
[Result "1-0"]
[WhiteElo "2451"]
[BlackElo "2519"]
[PlyCount "105"]

1. e4 e5 2. Nf3 Nf6 3. d4 Nxe4 4. Bd3 d5 5. Nxe5 Nd7 6. Nxd7 Bxd7 7. O-O Qf6 8.
Bxe4 dxe4 9. Nc3 Qg6 10. Nxe4 O-O-O 11. Qd3 Re8 12. f3 Qe6 13. Ng5 Qf6 14. Bd2
h6 15. Ne4 Qb6 16. Rab1 Rd8 17. c4 Be7 18. Be3 Rhe8 19. d5 Qa6 20. Qd4 f5 21.
Nc3 g5 22. Rbe1 Bf6 23. Qd3 Be5 24. Bd4 Bf4 25. g3 Bd6 26. a3 Kb8 27. Nb5 Bxb5
28. cxb5 Qa5 29. b4 Qa4 30. Bf6 Rxe1 31. Rxe1 Rc8 32. Bg7 h5 33. Bf6 f4 34. Kg2
fxg3 35. hxg3 h4 36. gxh4 gxh4 37. Re4 Ka8 38. Rxh4 Rg8+ 39. Rg4 Rf8 40. Rg6
Bf4 41. Rg7 Rb8 42. Kf2 Rf8 43. Be7 Rb8 44. Rf7 Bc1 45. d6 cxd6 46. Bxd6 Re8
47. Rxb7 a6 48. Ra7+ Kxa7 49. Qd4+ Kb7 50. Qd5+ Ka7 51. Qc5+ Kb7 52. Qc6+ Ka7
53. b6# 1-0

[Event "ICS rated blitz match"]
[Site "204.178.125.65"]
[Date "1999.12.13"]
[Round "?"]
[White "Hossa"]
[Black "star"]
[Result "0-1"]
[WhiteElo "2500"]
[BlackElo "2470"]
[PlyCount "164"]

1. e4 e5 2. Nf3 d6 3. d4 Nd7 4. Bc4 c6 5. O-O Be7 6. Be3 Ngf6 7. Nbd2 b5 8. Bd3
Ng4 9. c3 Bb7 10. a4 a6 11. Ne1 Nxe3 12. fxe3 O-O 13. Ra2 Bg5 14. Nc2 Qe7 15.
Nf3 Bh6 16. Qb1 exd4 17. exd4 c5 18. axb5 axb5 19. Rxa8 Rxa8 20. Na3 c4 21. Bc2
Nf6 22. e5 dxe5 23. Nxe5 Bd5 24. Qe1 Qb7 25. Qf2 Be6 26. Bf5 Ne4 27. Qe1 Bxf5
28. Rxf5 Nd6 29. Rf1 Bg5 30. Qg3 f6 31. Ng4 Ra6 32. Qe1 Qd7 33. Qe2 Ra8 34. Nf2
Re8 35. Qf3 Qe6 36. Qc6 Rc8 37. Qa6 Qd7 38. Nc2 Re8 39. Re1 Rxe1+ 40. Nxe1 Bc1
41. Qa1 Be3 42. Kf1 Qc6 43. Qa7 Qe8 44. Nd1 Bc1 45. Nf3 Bf4 46. Qc7 Qe4 47.
Qb8+ Kf7 48. Qa7+ Kg6 49. Qd7 h5 50. Qc7 Nf5 51. Qd7 Bxh2 52. Nxh2 Qd3+ 53. Ke1
Qg3+ 54. Kf1 Qxh2 55. Qe8+ Kg5 56. Ne3 Nxe3+ 57. Qxe3+ Qf4+ 58. Ke2 Qxe3+ 59.
Kxe3 Kf5 60. Kf2 g5 61. Ke3 h4 62. Kf3 g4+ 63. Ke3 Ke6 64. Ke4 f5+ 65. Kf4 Kd5
66. Ke3 h3 67. gxh3 gxh3 68. Kf2 Ke4 69. Kg3 f4+ 70. Kxh3 f3 71. d5 Ke3 72. d6
f2 73. Kg2 Ke2 74. Kg3 f1=Q 75. d7 Qf3+ 76. Kh4 Qd5 77. d8=Q Qxd8+ 78. Kg4 Qf6
79. b4 Ke3 80. Kh5 Qg7 81. Kh4 Kf4 82. Kh5 Qg5# 0-1

[Event "ICS rated blitz match"]
[Site "204.178.125.65"]
[Date "1999.12.13"]
[Round "?"]
[White "star"]
[Black "Hossa"]
[Result "1/2-1/2"]
[WhiteElo "2487"]
[BlackElo "2483"]
[PlyCount "166"]

1. g3 d5 2. Bg2 c6 3. Nf3 c5 4. d4 cxd4 5. Qxd4 Nc6 6. Qa4 Nf6 7. Nc3 e6 8. Bf4
Bb4 9. O-O Bxc3 10. bxc3 Ne4 11. Rae1 Nxc3 12. Qb3 Ne4 13. c4 Na5 14. Qb2 O-O
15. cxd5 Nc4 16. Qc2 exd5 17. Rd1 Be6 18. Nd4 Nf6 19. Qb3 Qc8 20. Rb1 b6 21.
Rfc1 Qc5 22. Qd3 Rac8 23. Bd2 Rfe8 24. h3 Qd6 25. Bf4 Qd7 26. g4 Ne4 27. e3
Ncd2 28. Rxc8 Qxc8 29. Rd1 Nc4 30. Rc1 Nc5 31. Qc3 a6 32. Bg3 b5 33. Bf4 Ne4
34. Qc2 Bd7 35. f3 Nc5 36. Bf1 Qd8 37. g5 Qc8 38. h4 Bh3 39. Be2 Ne6 40. Bd3
Nxf4 41. exf4 Qc7 42. Bxh7+ Kh8 43. Kh2 Qxf4+ 44. Kxh3 Qxd4 45. Bf5 Qf4 46. Bg4
Kg8 47. Rg1 Re3 48. Qh2 Qxh2+ 49. Kxh2 Re2+ 50. Rg2 Rxg2+ 51. Kxg2 Ne3+ 52. Kg3
Nd1 53. Bf5 g6 54. Bc2 Nc3 55. a3 Ne2+ 56. Kf2 Nd4 57. Bb1 a5 58. Ke3 Nc6 59.
Ba2 Ne7 60. Kd4 Nf5+ 61. Ke5 Ne3 62. Bxd5 b4 63. axb4 axb4 64. Be4 Kg7 65. Kd4
Ng2 66. Kc4 f6 67. Kxb4 Nf4 68. Bc6 fxg5 69. hxg5 Ne6 70. f4 Nxf4 71. Bd7 Kf8
72. Bg4 Nd3+ 73. Kc3 Nf2 74. Bf3 Nh3 75. Be4 Nf4 76. Kc4 Ke7 77. Bf3 Kd6 78.
Be4 Ke5 79. Bxg6 Nxg6 80. Kb3 Nf4 81. g6 Kf6 82. g7 Kf7 83. g8=Q+ Kxg8 1/2-1/2

[Event "ICS rated blitz match"]
[Site "204.178.125.65"]
[Date "1999.12.13"]
[Round "?"]
[White "Hossa"]
[Black "star"]
[Result "0-1"]
[WhiteElo "2483"]
[BlackElo "2487"]
[PlyCount "92"]

1. e4 d6 2. d4 Nf6 3. f3 e5 4. dxe5 dxe5 5. Qxd8+ Kxd8 6. Nc3 Be6 7. Be3 Nbd7
8. O-O-O c6 9. g4 h6 10. Bh3 Bb4 11. Nce2 Kc7 12. g5 Bxh3 13. Nxh3 hxg5 14.
Nxg5 Raf8 15. Bxa7 b6 16. c3 Bc5 17. Rd3 Bf2 18. f4 exf4 19. Nxf4 Ne5 20. Rh3
Kb7 21. Bxb6 Bxb6 22. Kc2 Nfg4 23. Rxh8 Rxh8 24. h4 f6 25. Nge6 g5 26. Ng2 Nf2
27. Rg1 gxh4 28. Ngf4 h3 29. Nxh3 Rxh3 30. Rg2 Nxe4 31. Re2 Ng3 32. Rg2 Be3 33.
b4 f5 34. a3 f4 35. Ng5 f3 36. Nxh3 fxg2 37. b5 cxb5 38. c4 bxc4 39. a4 Ne4 40.
Kb1 Ng5 41. a5 Nxh3 42. a6+ Ka7 43. Kb2 g1=Q 44. Ka3 Qd1 45. Kb4 Qb3+ 46. Ka5
Nc6# 0-1

[Event "ICS rated blitz match"]
[Site "204.178.125.65"]
[Date "1999.12.13"]
[Round "?"]
[White "star"]
[Black "Hossa"]
[Result "1/2-1/2"]
[WhiteElo "2503"]
[BlackElo "2467"]
[PlyCount "106"]

1. d4 d5 2. c4 dxc4 3. e4 Nc6 4. Nf3 Bg4 5. Bxc4 e6 6. Be3 Bb4+ 7. Nc3 Nf6 8.
d5 Bxf3 9. gxf3 exd5 10. exd5 Bxc3+ 11. bxc3 Ne5 12. Qa4+ Qd7 13. Bb5 c6 14.
dxc6 bxc6 15. Be2 O-O 16. Rd1 Qh3 17. Qf4 Rfe8 18. Qg3 Qf5 19. Kf1 Qc2 20. Rg1
Ng6 21. c4 Qxa2 22. Qc7 Re6 23. Rg5 Qb2 24. Ra5 Ne8 25. Qd7 Nf4 26. Qd2 Qxd2
27. Rxd2 Nxe2 28. Kxe2 Nd6 29. Kd3 Nb7 30. Ra6 c5 31. Rda2 Rxa6 32. Rxa6 Kf8
33. Ke4 Rd8 34. Kf4 Ke7 35. Rxa7 Rd7 36. Ra6 Kd8 37. Ke4 Rd1 38. Ra7 Kc8 39.
Kf4 Kb8 40. Ra2 h6 41. Kg3 Kc7 42. Ra6 Rg1+ 43. Kf4 Re1 44. Ke4 h5 45. Kd3 Rd1+
46. Kc2 Rf1 47. Bf4+ Kd7 48. Ra7 Rxf2+ 49. Kb1 Rf1+ 50. Kc2 Kc6 51. Ra6+ Kd7
52. Ra7 Kc6 53. Ra6+ Kd7 1/2-1/2

[Event "ICS rated blitz match"]
[Site "204.178.125.65"]
[Date "1999.12.13"]
[Round "?"]
[White "Hossa"]
[Black "star"]
[Result "1-0"]
[WhiteElo "2469"]
[BlackElo "2501"]
[PlyCount "165"]

1. d4 Nf6 2. c4 e6 3. Nf3 b6 4. g3 Bb7 5. Bg2 Be7 6. Nc3 Ne4 7. Nxe4 Bxe4 8.
O-O O-O 9. Bd2 Nc6 10. Be1 d5 11. Rc1 dxc4 12. Rxc4 Qd5 13. b3 e5 14. Nxe5 Bxg2
15. Nxc6 Bf6 16. Nb4 Qb7 17. d5 Bxf1 18. Kxf1 a5 19. Nc6 Rfe8 20. Qd3 Qc8 21.
Kg2 Qd7 22. e4 Be7 23. f3 Bc5 24. a4 Re6 25. Qf1 Rh6 26. Kh1 Bd6 27. Kg1 Qh3
28. Qxh3 Rxh3 29. e5 Ba3 30. Kg2 Rh5 31. g4 Rh6 32. Bd2 Rg6 33. b4 Kf8 34. bxa5
bxa5 35. Kh3 Kg8 36. Kh4 Bf8 37. f4 Bb4 38. Bxb4 Rh6+ 39. Kg3 axb4 40. Rxb4 Kf8
41. Rb7 Rxc6 42. dxc6 Rxa4 43. Rxc7 Ra3+ 44. Kh4 Rc3 45. h3 Rc5 46. Kg5 h6+ 47.
Kf5 Rc4 48. Rc8+ Ke7 49. g5 g6+ 50. Kg4 h5+ 51. Kf3 Rc3+ 52. Kg2 Ke6 53. Rc7
Rc4 54. Kf3 Rc3+ 55. Ke4 Rxh3 56. Rc8 Ke7 57. Rh8 Rc3 58. Kd5 Rc2 59. Rb8 Rd2+
60. Kc5 Rc2+ 61. Kb6 Rb2+ 62. Ka7 Ra2+ 63. Kb7 Rb2+ 64. Kc8 Rc2 65. c7 h4 66.
Kb7 Ke6 67. c8=Q+ Rxc8 68. Rxc8 h3 69. Rh8 Kf5 70. Rxh3 Kxf4 71. Rh7 Kxe5 72.
Rxf7 Kd4 73. Re7 Kd5 74. Kc7 Kc5 75. Re6 Kd5 76. Rxg6 Ke4 77. Rd6 Ke5 78. g6
Ke4 79. g7 Ke5 80. g8=Q Kf4 81. Re6 Kf3 82. Qf8+ Kg3 83. Rg6+ 1-0

[Event "ICS rated blitz match"]
[Site "204.178.125.65"]
[Date "1999.12.13"]
[Round "?"]
[White "saknight"]
[Black "Hossa"]
[Result "0-1"]
[WhiteElo "2189"]
[BlackElo "2486"]
[PlyCount "42"]

1. e4 d6 2. d4 Nf6 3. Nc3 g6 4. Nf3 Bg7 5. g3 O-O 6. Bg2 d5 7. e5 Ne4 8. O-O f6
9. exf6 Nxf6 10. Ne5 c6 11. Bg5 Bf5 12. Qe2 Qb6 13. Qd2 Nbd7 14. Na4 Qb5 15.
Nxd7 Nxd7 16. Nc3 Qxb2 17. Rab1 Qxc2 18. Qxc2 Bxc2 19. Rxb7 Bf5 20. Bxe7 Rfe8
21. Bc5 Nxc5 0-1

[Event "ICS rated blitz match"]
[Site "204.178.125.65"]
[Date "1999.12.13"]
[Round "?"]
[White "Hossa"]
[Black "PostModernist"]
[Result "0-1"]
[WhiteElo "2491"]
[BlackElo "2549"]
[PlyCount "156"]

1. d4 Nf6 2. c4 e6 3. Nf3 d5 4. g3 dxc4 5. Bg2 c5 6. Qa4+ Nc6 7. Ne5 Bd7 8.
Nxc6 bxc6 9. e3 cxd4 10. exd4 Nd5 11. Qxc4 Bd6 12. O-O O-O 13. Nc3 Rb8 14. Ne4
Be7 15. Nc5 Rb4 16. Qa6 Qc7 17. Rd1 Bxc5 18. dxc5 Rb5 19. Qa3 Rfb8 20. Bh1 Ra5
21. Qd3 Rxc5 22. Rd2 Rd8 23. Bg2 Nb4 24. Qb3 a5 25. a3 Qe5 26. Kf1 Nd5 27. Qd3
Be8 28. Kg1 Qe1+ 29. Qf1 Qxf1+ 30. Bxf1 Rb8 31. Be2 f6 32. Kg2 Bg6 33. Bd1 e5
34. h4 Rd8 35. Kh2 Rb8 36. Kg2 Be4+ 37. Kh2 Rc4 38. f3 Ne3 39. Be2 Rc2 40. Rxc2
Nxc2 41. Rb1 Bd5 42. Bd1 Ne1 43. f4 Be4 44. Ra1 exf4 45. b4 fxg3+ 46. Kxg3 Rd8
47. Bb2 Rd3+ 48. Kf2 Ng2 49. Be2 Rd2 50. Bc1 Rc2 51. h5 Bd3 52. Kxg2 axb4 53.
axb4 h6 54. Ra8+ Kh7 55. Rd8 Bxe2 56. Rd2 Rxd2 57. Bxd2 Bxh5 58. Be3 g5 59. Bc5
f5 60. Be7 f4 61. Kh3 Bf7 62. Kg4 Kg6 63. Kf3 Bd5+ 64. Kf2 g4 65. Bd6 g3+ 66.
Ke1 Kf5 67. Kd2 h5 68. Kc3 h4 69. b5 h3 70. b6 c5 71. Bxc5 h2 72. Kd4 h1=Q 73.
Be7 g2 74. Kxd5 g1=Q+ 75. Kc4 Qe4+ 76. Kb5 Qgb1+ 77. Bb4 Qbxb4+ 78. Ka6 Qa8#
0-1

[Event "ICS rated blitz match"]
[Site "204.178.125.65"]
[Date "1999.12.13"]
[Round "?"]
[White "PostModernist"]
[Black "Hossa"]
[Result "1-0"]
[WhiteElo "2562"]
[BlackElo "2478"]
[PlyCount "114"]

1. d4 Nf6 2. c4 e6 3. Nc3 d5 4. Nf3 Bb4 5. e3 Ne4 6. Qc2 Nd7 7. cxd5 exd5 8.
Bd3 Nef6 9. Bd2 O-O 10. O-O Be7 11. g4 h6 12. Rfc1 Re8 13. g5 hxg5 14. Nxg5 Nf8
15. Ne2 c6 16. Ng3 g6 17. Bc3 Qd7 18. Qd1 Ne6 19. Nf3 Nc7 20. Bf1 Qe6 21. Bg2
Ne4 22. Nxe4 Qxe4 23. b4 Bd6 24. a4 Qg4 25. Qf1 Qh5 26. Kh1 f6 27. Qg1 Re7 28.
Nd2 Bg4 29. f3 Be6 30. Nb3 Rae8 31. Nc5 Bc8 32. Bd2 Rh7 33. f4 Kg7 34. b5 Reh8
35. bxc6 bxc6 36. Nb3 Qxh2+ 37. Qxh2 Rxh2+ 38. Kg1 Bd7 39. Na5 Na8 40. Nxc6 Bg4
41. Bb4 Bc7 42. Nxa7 Be6 43. Nb5 Bb6 44. Rc6 Kf7 45. a5 Rxg2+ 46. Kxg2 Bh3+ 47.
Kf3 Bd7 48. Nd6+ Kg7 49. Rxb6 Nxb6 50. axb6 g5 51. Ra7 Rd8 52. fxg5 Kg6 53.
gxf6 Bc6 54. f7 Rh8 55. Rc7 Ba4 56. b7 Bd1+ 57. Kg3 Kg5 1-0

[Event "ICS Rated blitz match"]
[Site "204.178.125.65"]
[Date "1999.12.13"]
[Round "?"]
[White "Hossa"]
[Black "Skeletor"]
[Result "0-1"]
[WhiteElo "2466"]
[BlackElo "2693"]
[PlyCount "106"]

1. Nf3 Nf6 2. e3 g6 3. Bc4 Bg7 4. O-O O-O 5. Nc3 d5 6. Bb5 Ne4 7. d4 Nxc3 8.
bxc3 Qd6 9. a4 Bg4 10. Ba3 Qf6 11. Rb1 b6 12. Bd3 Bd7 13. e4 Bxa4 14. exd5 a5
15. Re1 Re8 16. c4 e6 17. d6 cxd6 18. Bxd6 Nd7 19. Bc7 Bc6 20. Ne5 Nxe5 21.
dxe5 Qe7 22. Bxb6 a4 23. Qg4 a3 24. Qd4 Qg5 25. Bf1 Reb8 26. Bc7 Rc8 27. Bd6 a2
28. Rbd1 Ra4 29. Bc5 Bd5 30. f4 Qf5 31. Rc1 Bh6 32. g3 Bg7 33. c3 Qg4 34. Bb4
Bf3 35. Ra1 g5 36. Qd7 Rca8 37. fxg5 Qxg5 38. Qd3 Qg4 39. Re3 Bb7 40. Qd7 Bh6
41. Re2 Qf3 42. Rg2 Be3+ 43. Kh1 Bc6 44. Qd6 Qxf1+ 45. Rxf1 a1=Q 46. Rd1 Ra2
47. h4 Bxg2+ 48. Kh2 Bd5+ 49. Kh3 Rh2+ 50. Kxh2 Qa2+ 51. Rd2 Qxd2+ 52. Kh3 Qg2+
53. Kg4 Bf3# 0-1

[Event "ICS Rated blitz match"]
[Site "204.178.125.65"]
[Date "1999.12.13"]
[Round "?"]
[White "Skeletor"]
[Black "Hossa"]
[Result "1-0"]
[WhiteElo "2700"]
[BlackElo "2459"]
[PlyCount "65"]

1. d4 e6 2. c4 d5 3. Nc3 Bb4 4. Nf3 Ne7 5. e3 c5 6. Bd3 cxd4 7. exd4 dxc4 8.
Bxc4 O-O 9. O-O Nbc6 10. a3 Bd6 11. Re1 Bd7 12. Nb5 Bb8 13. Bg5 a6 14. Nc3 Qc7
15. d5 Nxd5 16. Bxd5 exd5 17. Nxd5 Qd6 18. Bf4 Qc5 19. b4 Qb5 20. Bxb8 Raxb8
21. a4 Qc4 22. Nb6 Qxb4 23. Nxd7 Rfd8 24. Nxb8 Rxd1 25. Raxd1 g6 26. Nxc6 bxc6
27. Rd4 Qb2 28. Rd7 Qb4 29. g3 h5 30. Re8+ Kg7 31. Ng5 Kh6 32. Nxf7+ Kg7 33.
Ng5+ 1-0

[Event "ICS Rated blitz match"]
[Site "204.178.125.65"]
[Date "1999.12.13"]
[Round "?"]
[White "Hossa"]
[Black "Skeletor"]
[Result "0-1"]
[WhiteElo "2453"]
[BlackElo "2706"]
[PlyCount "84"]

1. e4 c5 2. Nc3 Nc6 3. Nf3 g6 4. d4 cxd4 5. Nxd4 Bg7 6. Be3 Nf6 7. Nxc6 bxc6 8.
e5 Ng8 9. Qd4 d6 10. Bf4 dxe5 11. Qxd8+ Kxd8 12. O-O-O+ Kc7 13. Bd2 Nf6 14. Bc4
e6 15. Rhe1 Ng4 16. Re2 Nxh2 17. Ne4 a5 18. f3 f5 19. Nc5 Rd8 20. Rh1 Rd4 21.
Bxe6 Bf8 22. Nb3 Rxd2 23. Nxd2 Bxe6 24. Rxh2 Bg8 25. c4 Rd8 26. g3 Bg7 27. Rh1
h5 28. Rd1 Rd4 29. b3 f4 30. gxf4 Rxf4 31. Rg2 Bf7 32. Kc2 h4 33. a3 Be6 34.
Kc1 Bf5 35. Rgg1 h3 36. Rg3 Bh6 37. c5 Rd4 38. f4 Bxf4 39. Rf3 Bxd2+ 40. Rxd2
Rxd2 41. Kxd2 h2 42. Rf1 Be4 0-1

[Event "ICS Rated blitz match"]
[Site "204.178.125.65"]
[Date "1999.12.13"]
[Round "?"]
[White "PostModernist"]
[Black "Hossa"]
[Result "1-0"]
[WhiteElo "2588"]
[BlackElo "2447"]
[PlyCount "139"]

1. c4 e5 2. Nc3 Nf6 3. Nf3 Nc6 4. g3 Bc5 5. d3 d5 6. cxd5 Nxd5 7. Bg2 O-O 8.
O-O Be6 9. Ng5 Qd7 10. Nxe6 fxe6 11. Ne4 Bd4 12. Bd2 Rad8 13. Bg5 Nde7 14. e3
Bb6 15. Qg4 Rf7 16. Rfd1 Rdf8 17. a3 Nd5 18. Rac1 Rf5 19. Bh3 Kh8 20. Qh4 Rf3
21. Bg4 R3f7 22. Qh3 Nd8 23. Bh5 Nc6 24. Bxf7 Qxf7 25. g4 Kg8 26. Bh4 a6 27. b4
Qe8 28. Ra1 Qd7 29. Kh1 a5 30. b5 Na7 31. a4 Nb4 32. Ra3 c6 33. bxc6 Qxc6 34.
Qg2 Qc2 35. Qg1 Qb2 36. Rc3 Nd5 37. Rd2 Qb4 38. Rc4 Qb3 39. g5 Nc6 40. g6 h6
41. Qg4 Rf5 42. Qe2 Qa3 43. Ra2 Qf8 44. Ra1 Ndb4 45. Rac1 Ba7 46. Bg3 Nd5 47.
Ra1 Nce7 48. Nd6 Rf6 49. Rac1 Bb6 50. Rc8 Nxc8 51. Rxc8 Bd8 52. Nxb7 Qa3 53.
Rxd8+ Rf8 54. Rxf8+ Kxf8 55. Bxe5 Qc1+ 56. Kg2 Ne7 57. Qf3+ Ke8 58. Nd6+ Kd7
59. Qf8 Qc6+ 60. Kh3 Qxd6 61. Bxd6 Nxg6 62. Qxg7+ Kxd6 63. Qxg6 h5 64. Kh4 Kd5
65. f4 e5 66. fxe5 Kxe5 67. Qc6 Kf5 68. Kxh5 Ke5 69. d4+ Kf5 70. Qg6# 1-0

[Event "ICS Unrated blitz match"]
[Site "204.178.125.65"]
[Date "1999.12.13"]
[Round "?"]
[White "PostModernist"]
[Black "Hossa"]
[Result "1-0"]
[WhiteElo "2598"]
[BlackElo "2437"]
[PlyCount "114"]

1. c4 c5 2. Nc3 Nf6 3. Nf3 Nc6 4. g3 e5 5. d3 d5 6. cxd5 Nxd5 7. Bg2 Nf6 8. Qa4
Bd7 9. O-O Be7 10. Bd2 Nd4 11. Qd1 Nxf3+ 12. Bxf3 O-O 13. Qb3 Rb8 14. Rfc1 Bh3
15. Nd5 Nxd5 16. Qxd5 Bd6 17. Bg5 Qxg5 18. Qxd6 b6 19. Qc7 a5 20. b3 Rfc8 21.
Qd6 Re8 22. Qc7 Qf6 23. a4 Rbd8 24. Rab1 Rd7 25. Qc6 Qd8 26. Qe4 Rd4 27. Qe3
Qd6 28. Qg5 Qd7 29. Rc4 Rxc4 30. dxc4 e4 31. Bg2 Bxg2 32. Kxg2 e3 33. Qd5 Qe7
34. f4 Rd8 35. Qc6 Rd2 36. Kf3 Rd6 37. Qe4 Qxe4+ 38. Kxe4 Rh6 39. Rh1 Re6+ 40.
Kf3 h5 41. Rd1 Kh7 42. Rd3 Kg6 43. Rxe3 Rxe3+ 44. Kxe3 f5 45. Kf3 Kf7 46. e4
fxe4+ 47. Kxe4 Ke6 48. f5+ Kf6 49. Kf4 g6 50. fxg6 Kxg6 51. Ke5 Kf7 52. Kd5 Kf6
53. h3 Kf5 54. g4+ Kf6 55. gxh5 Kg5 56. Kc6 Kxh5 57. Kxb6 Kg6 1-0

[Event "ICS Rated blitz match"]
[Site "204.178.125.65"]
[Date "1999.12.13"]
[Round "?"]
[White "Skeletor"]
[Black "Hossa"]
[Result "1-0"]
[WhiteElo "2728"]
[BlackElo "2437"]
[PlyCount "68"]

1. d4 Nf6 2. c4 d6 3. Nc3 g6 4. e4 Bg7 5. f3 Nbd7 6. Be3 e5 7. Nge2 exd4 8.
Nxd4 O-O 9. Be2 Ne5 10. O-O Bd7 11. Qd2 Be6 12. Nd5 c6 13. Nxe6 fxe6 14. Nxf6+
Bxf6 15. Rad1 Nf7 16. f4 Qe7 17. Bg4 Bg7 18. Qe2 b6 19. b4 Rae8 20. a3 d5 21.
cxd5 exd5 22. e5 Nh6 23. Bf3 Nf5 24. Bf2 Qe6 25. b5 Ne7 26. Bg4 Nf5 27. Qd2 Rd8
28. Bf3 Ne7 29. Bh4 Bh6 30. Bxe7 Qxe7 31. bxc6 d4 32. Bg4 Rf7 33. Rc1 Qc7 34.
Be6 b5 1-0

[Event "ICS rated blitz match"]
[Site "204.178.125.65"]
[Date "1999.12.13"]
[Round "?"]
[White "Hossa"]
[Black "Skeletor"]
[Result "1/2-1/2"]
[WhiteElo "2432"]
[BlackElo "2733"]
[PlyCount "54"]

1. d4 Nf6 2. c4 e6 3. Nc3 Bb4 4. Qc2 O-O 5. a3 Bxc3+ 6. Qxc3 b6 7. Bg5 Bb7 8.
e3 d6 9. Ne2 c5 10. dxc5 dxc5 11. Rd1 Nbd7 12. Bxf6 gxf6 13. Nf4 Bc6 14. Be2
Qe7 15. O-O Rad8 16. Rd2 Ne5 17. Nd3 Rd7 18. Rfd1 Nxd3 19. Rxd3 Rfd8 20. Rxd7
Rxd7 21. Rxd7 Bxd7 22. e4 Bc6 23. Qg3+ Kf8 24. Qb8+ Kg7 25. Qg3+ Kf8 26. Qb8+
Kg7 27. Qg3+ Kf8 1/2-1/2

[Event "ICS rated blitz match"]
[Site "204.178.125.65"]
[Date "1999.12.13"]
[Round "?"]
[White "PostModernist"]
[Black "Hossa"]
[Result "1/2-1/2"]
[WhiteElo "2581"]
[BlackElo "2443"]
[PlyCount "85"]

1. d4 Nf6 2. Nf3 g6 3. g3 Bg7 4. Bg2 d5 5. c4 dxc4 6. Qa4+ Nbd7 7. Nc3 O-O 8.
Qxc4 Nb6 9. Qd3 Bg4 10. O-O e6 11. Bg5 Nbd7 12. Ne1 h6 13. Bxf6 Nxf6 14. h3 Bh5
15. g4 Nxg4 16. hxg4 Bxg4 17. Nc2 c6 18. f3 Bh5 19. e3 Qh4 20. Qe4 Qg5 21. Ne1
Rad8 22. Nd3 b6 23. Rac1 c5 24. dxc5 bxc5 25. Na4 Rd6 26. Naxc5 Rfd8 27. Rfe1
Qg3 28. b4 g5 29. Red1 f5 30. Qb7 g4 31. fxg4 Qxe3+ 32. Kh1 Bxg4 33. Re1 Qg5
34. Nxe6 Rxe6 35. Rxe6 Rxd3 36. Re8+ Kh7 37. Rec8 Rd2 38. R8c7 Qh4+ 39. Kg1
Qf2+ 40. Kh2 Qh4+ 41. Kg1 Qf2+ 42. Kh2 Qh4+ 43. Kg1 1/2-1/2